000 02057nam a22003977a 4500
001 100165
003 KnowledgeUnlatched
005 20210303105347.0
006 m o d
007 cr u||||||||||
008 210129p20162017gw o u00| u eng d
035 _a(OCoLC)970389364
037 _5BiblioBoard
245 0 4 _aThe Qur'an Seminar Commentary
_bA Collaborative Study of 50 Qur'anic Passages /
_cMehdi Azaiez, Gabriel S. Reynolds, Tommaso Tesei, Hamza M. Zafer.
020 _a9783110445909
029 1 _ahttps://library.biblioboard.com/ext/api/media/ccf6734c-1d66-4e7a-a68f-621e278378b1/assets/thumbnail.jpg
040 _aScCtBLL
_cScCtBLL
100 1 _aAzaiez, Mehdi
_eauthor.
506 0 _aAccess copy available to the general public.
_fUnrestricted
_2star
700 1 _aReynolds, Gabriel S.
_eauthor.
700 1 _aTesei, Tommaso
_eauthor.
700 1 _aZafer, Hamza M.
_eauthor.
264 1 _bDe Gruyter,
300 _a1 online resource (502 p.)
520 _aThe Qur'an Seminar Commentary is an unprecedented work of collaboration in the field of Qur'anic Studies, involving the insights of 25 scholars on 50 Qur'anic passages. These scholars represent a diverse range of disciplinary backgrounds and provide readers with unique insights into the latest trends of research in the Qur'an. This Commentary is a useful and illuminating reference work for students and scholars in the field of Qur'anic Studies.
588 0 _aDescription based on print version record.
590 _aKU Select 2016 Front List Collection
650 7 _aReligion / Islam
_2bisacsh
650 0 _aReligion
655 0 _aElectronic books.
758 _iIs found in:
_aKnowledge Unlatched
_1https://openresearchlibrary.org/module/2774bc74-146a-484f-a7ba-ab1d6a09bbfb
856 4 0 _uhttps://openresearchlibrary.org/content/ccf6734c-1d66-4e7a-a68f-621e278378b1
_zView this content on Open Research Library.
_70
999 _c34229
_d34229